<?xml version="1.0" encoding="UTF-8"?>
<record
    xmlns:xsi="http://www.w3.org/2001/XMLSchema-instance"
    xsi:schemaLocation="http://www.loc.gov/MARC21/slim http://www.loc.gov/standards/marcxml/schema/MARC21slim.xsd"
    xmlns="http://www.loc.gov/MARC21/slim">

  <leader>00753cam a22002291  4500</leader>
  <controlfield tag="001">ne 66000900 </controlfield>
  <controlfield tag="003">DLC</controlfield>
  <controlfield tag="005">20260227111823.0</controlfield>
  <controlfield tag="008">870529s1965    iq            000 0 arar </controlfield>
  <datafield tag="010" ind1=" " ind2=" ">
    <subfield code="a">ne 66000900 </subfield>
  </datafield>
  <datafield tag="035" ind1=" " ind2=" ">
    <subfield code="a">(OCoLC)15747140</subfield>
  </datafield>
  <datafield tag="040" ind1=" " ind2=" ">
    <subfield code="a">DLC</subfield>
    <subfield code="c">WaU</subfield>
    <subfield code="d">DLC</subfield>
  </datafield>
  <datafield tag="042" ind1=" " ind2=" ">
    <subfield code="a">premarc</subfield>
  </datafield>
  <datafield tag="050" ind1="0" ind2="0">
    <subfield code="a">CS1129</subfield>
    <subfield code="b">.A3 1965</subfield>
  </datafield>
  <datafield tag="100" ind1="0" ind2=" ">
    <subfield code="a">Ab&#x16B; al-Faraj al-I&#x1E63;bah&#x101;n&#x12B;,</subfield>
    <subfield code="d">897 or 898-967.</subfield>
  </datafield>
  <datafield tag="245" ind1="1" ind2="0">
    <subfield code="a">Maq&#x101;til al-&#x1E6D;&#x101;lib&#x12B;y&#x12B;n</subfield>
    <subfield code="c">li-Ab&#x12B; al-Faraj al-I&#x1E63;fah&#x101;n&#x12B;, qaddama lahu wa-ashrafa &#x2BB;al&#xE1; &#x1E6D;ab&#x2BB;ihi K&#x101;&#x1E93;im al-Mu&#x1E93;affar.</subfield>
  </datafield>
  <datafield tag="260" ind1=" " ind2=" ">
    <subfield code="a">al-Najaf :</subfield>
    <subfield code="b">al-Maktabah al-&#x1E24;aydar&#x12B;yah,</subfield>
    <subfield code="c">1965.</subfield>
  </datafield>
  <datafield tag="300" ind1=" " ind2=" ">
    <subfield code="a">16, 475  p.</subfield>
  </datafield>
  <datafield tag="500" ind1=" " ind2=" ">
    <subfield code="a">Cover title: Makatel al-Talibyin.</subfield>
  </datafield>
  <datafield tag="600" ind1="3" ind2="0">
    <subfield code="a">Ab&#x16B; &#x1E6C;&#x101;lib family.</subfield>
  </datafield>
  <datafield tag="700" ind1="1" ind2=" ">
    <subfield code="a">Mu&#x1E93;affar, K&#x101;&#x1E93;im.</subfield>
  </datafield>
  <datafield tag="999" ind1=" " ind2=" ">
    <subfield code="c">48881</subfield>
    <subfield code="d">48881</subfield>
  </datafield>
</record>
